[Event "World Women-ch k.o."]
[Site "Antakya"]
[Date "2010.12.22"]
[Round "6.3"]
[White "Hou, Yifan"]
[Black "Ruan, Lufei"]
[Result "1/2-1/2"]
[WhiteElo "2591"]
[BlackElo "2480"]
[Annotator "Moradiabadi,E"]
[PlyCount "150"]
[EventDate "2010.12.04"]
[EventType "k.o."]
[EventRounds "6"]
[EventCountry "TUR"]
[SourceTitle "CBM 139 Extra"]
[Source "ChessBase"]
[SourceDate "2011.01.05"]
[SourceVersion "1"]
[SourceVersionDate "2011.01.05"]
[SourceQuality "1"]

1. e4 c6 {Again! Ruan was doing ok with Caro-Kann in the previous game and
though Hou was surely not surprised, there was no reason to avoid it.} 2. d4 d5
3. Nc3 {No more Vera! In the previous report, I mentioned Ivanchuk's
contribution to help popularize it, but forgot to mention that 3.f3 is called
the Vera Menchik line in honor of the first women's world champion, Vera
Menchik.} dxe4 4. Nxe4 Nd7 5. Ng5 Ngf6 6. Bd3 g6 {An odd choice! We all have
seen e6 and its long theoretical battles through the reigning world champion's
masterful play with white. It seems to me that Ruan is not eager for another
surprise by her well-prepared opponent.} 7. N1f3 Bg7 8. O-O O-O {#At this
point I did not expect to find many interesting games, however, to my surprise,
this position occured in the game Sokolov-Spraggett in their Candidates Match
in 1988, as well as the recent Adams-Short played in the London Classic.} 9.
Qe2 (9. Re1 h6 10. Ne4 Nxe4 11. Bxe4 c5 12. c3 cxd4 13. Nxd4 Nc5 14. Bc2 e5 15.
Nb3 Qc7 16. Nxc5 Qxc5 17. Be3 Qc7 18. Qd5 Be6 19. Qc5 Qxc5 20. Bxc5 Rfd8 21.
Red1 b6 22. Be3 f5 23. f3 Kf7 24. Bb3 h5 25. Kf1 Bf6 26. Ke2 Ke7 27. Bxe6 Kxe6
28. a4 Rxd1 29. Kxd1 Be7 30. Ke2 Bc5 31. Bg5 Be7 32. Be3 Bc5 33. Bg5 Be7 {
1/2-1/2 Sokolov,A (2595) -Spraggett,K (2580)/Saint John 1988/Candidates}) (9.
Ne5 Nxe5 10. dxe5 Nd5 11. e6 Bxe6 12. Nxe6 fxe6 13. c3 Qd6 14. Bc2 b5 15. a3 a5
16. h4 Rad8 17. Qg4 b4 18. axb4 axb4 19. cxb4 Rb8 {1/2-1/2 Adams,M (2723)
-Short,N (2680)/London 2010/CB49_2010 (50)}) 9... h6 10. Ne4 Nxe4 11. Qxe4 c5 {
Ruan is following the steps of Banikas as in the game Kotronias-Banikas (2005).
} 12. Bc4 $6 {There is nothing really wrong with this move, but one can see
that Hou is not playing the most energetic.} (12. d5 $5 Nf6 13. Qh4 Qxd5 14.
Bxh6 Qh5 15. Qxh5 Nxh5 16. Bxg7 {is what was played by Kotronias and he
managed obtain an advantage by this point. Nevertheless, Qh5 is inaccurate and
instead Bg4 would keep things unclear.}) 12... e6 13. Be3 Nf6 14. Qd3 Ng4 {
#It is a risky decision, but Ruan is one point behind, and has to be willing
to take chances.} 15. dxc5 $6 {Another non-energetic move.} (15. Bf4 $5 cxd4
16. h3 Nf6 17. Be5 {with a slight, long-lasting advantage for white}) 15... Qc7
16. Rad1 Nxe3 ({Engines dare to enter the line} 16... b6 17. Qd6 Qxd6 18. cxd6
Nxe3 19. fxe3 Bxb2 {however with the pawn on d6, only White can push for the
win.}) 17. Qxe3 b6 18. Nd2 $6 {I cannot understand this move!} (18. Rfe1 {
is more appealing}) 18... Qxc5 19. Qxc5 bxc5 20. c3 Bb7 21. Nb3 Rfc8 {after
all the simplifications the position is about equal. What comes after is one
of those dramatic stories in chess!} 22. Na5 Rc7 23. Nxb7 $2 {Not having
gained a slight edge for the second time with white, and this time left in an
"arid" position, Hou Yifan creates lightning, except that it strikes her own
hut!} Rxb7 {#Ruan Lufei destroys White's queenside in just a few masterful
moves.} 24. Rd2 Rab8 25. Bb3 $6 {White will lose a pawn anyway, however with
b3 and keeping her rooks on the d-file she could create a long lasting
fortress.} a5 (25... c4 {would have been my alternative}) 26. Rc1 a4 27. Bxa4
Rxb2 28. Rxb2 Rxb2 29. Bd1 Rxa2 30. g3 Ra3 $1 {Excellent! Now the bishop is
going to have a very nice outpost on d4.} 31. c4 Bd4 32. Kg2 Ra2 $6 {#An
inaccuracy. e5 could have sealed the game. Then e4 would have been unstoppable
and black's pawn avalanche would have decided it. With regard to the bishop on
d4, do you remember what Botvinnik said?} (32... e5) 33. Rc2 Ra1 34. Bf3 Kf8
35. h4 Ke7 36. Bc6 g5 $6 {Meaningful but premature at this stage as the
reduction in material is in white's favor. The plan of f5 followed by e5-e4
could make Hou's day gloomy.} 37. hxg5 hxg5 38. g4 $1 {The best defence! Now
Black is unable to create a pair of pawns on f4 and e4, and instead must go
for the less effective f/g pair.} Ra3 39. Be4 Kd6 40. Re2 Kc7 41. Bh7 e5 $2 {
Simply very ugly! Now White's light squared bishop will crawl between Black's
pawns, which can no longer produce a pair.} 42. Be4 Kb6 43. Rd2 Ka5 44. Bd5 f6
45. Kf1 Kb4 46. Ke2 $6 {Returning the favor.} (46. f3 {this move would have
avoid the next move's tactic}) 46... e4 $1 {#This creates more problems though
I am not sure if it is enough.} 47. Rc2 (47. Bxe4 Kxc4) 47... e3 48. fxe3 Rxe3+
49. Kd1 Rg3 50. Rg2 Rh3 51. Re2 {#Though Black managed a breakthrough it is
still hard to say whether it is a clear win or not.} Kc3 52. Rd2 Rh4 53. Rg2
Kd3 54. Rd2+ Ke3 55. Re2+ Kf4 56. Re4+ Kg3 57. Be6 Rh8 58. Kd2 Re8 59. Kd3 Rxe6
$2 {It seems Ruan Lufei is disappointed and goes for a direct " win if my
opponent fails to find the defense" however in this case Hou simply finds it.}
(59... Rd8 60. Ke2 Rb8 61. Bf5 Rb2+ (61... Rb4 $2 62. Rxd4 $1 cxd4 63. Kd3 Kf3
64. Kxd4 Kf4 65. Kd5 Rb2 66. c5 Rd2+ 67. Ke6 Re2+ 68. Kd6 Rd2+ 69. Ke6 {
would be a draw.}) 62. Kd3 Rb3+ 63. Kd2 Rc3 64. Be6 {and Black has not
improved much.}) 60. Rxe6 Kxg4 61. Re4+ Kf5 (61... Kf3 {#} 62. Rxd4 cxd4 63. c5
g4 64. c6 g3 65. c7 g2 66. c8=Q g1=Q 67. Qf5+) 62. Re1 g4 63. Rf1+ Ke5 64. Re1+
Kd6 (64... Kf4 65. Rf1+ Kg3 66. Ke2 {would have been a draw as well.}) 65. Ke4
Bf2 66. Rd1+ Ke6 67. Rd5 g3 68. Kf3 f5 69. Kg2 Kf6 70. Kf3 Kg5 71. Re5 Kg6 72.
Rd5 Kf6 73. Kg2 Ke6 74. Kf3 f4 75. Kg2 Be3 {Another breath-taking game by the
two ladies.} 1/2-1/2

[Event "Danzhou 2nd"]
[Site "Danzhou"]
[Date "2011.05.16"]
[Round "2"]
[White "Yu, Yangyi"]
[Black "Hou, Yifan"]
[Result "1-0"]
[WhiteElo "2646"]
[BlackElo "2612"]
[PlyCount "77"]
[EventDate "2011.05.15"]
[EventType "tourn"]
[EventRounds "9"]
[EventCountry "CHN"]
[EventCategory "17"]
[SourceTitle "CBM 143"]
[Source "ChessBase"]
[SourceDate "2011.07.15"]
[SourceVersion "1"]
[SourceVersionDate "2011.07.15"]
[SourceQuality "1"]

1. d4 e6 2. c4 Nf6 3. Nc3 Bb4 4. Qc2 d5 5. cxd5 exd5 6. Bg5 c5 7. dxc5 h6 8.
Bh4 g5 9. Bg3 Ne4 10. e3 Qa5 11. Nge2 Bf5 12. Be5 O-O 13. Nd4 Nxc3 14. Nxf5
Ne4+ 15. Kd1 Nc6 16. Bd6 Bxc5 17. Bxc5 Nxc5 18. h4 g4 19. f3 d4 20. e4 d3 21.
Qd2 Qa4+ 22. Ke1 Nxe4 23. Nxh6+ Kh7 24. Bxd3 Rad8 25. Nxg4 f5 26. Qh6+ Kg8 27.
Qg6+ Kh8 28. Qh6+ Kg8 29. Bxe4 fxe4 30. Qg6+ Kh8 31. Qh6+ Kg8 32. Nf6+ Rxf6 33.
Qxf6 exf3 34. gxf3 Re8+ 35. Kf2 Qc2+ 36. Kg3 Rf8 37. Qg5+ Kh8 38. Qh5+ Kg8 39.
Rhg1 1-0

[Event "Beijing Sportaccord rap (Women)"]
[Site "Beijing"]
[Date "2011.12.11"]
[Round "6"]
[White "Lagno, Kateryna"]
[Black "Hou, Yifan"]
[Result "1-0"]
[WhiteElo "2549"]
[BlackElo "2578"]
[PlyCount "67"]
[EventDate "2011.12.09"]
[EventType "swiss (rapid)"]
[EventRounds "7"]
[EventCountry "CHN"]
[SourceTitle "CBM 145 Extra"]
[Source "ChessBase"]
[SourceDate "2012.01.03"]
[SourceVersion "1"]
[SourceVersionDate "2012.01.03"]
[SourceQuality "1"]

1. d4 Nf6 2. c4 e6 3. Nc3 Bb4 4. e3 O-O 5. Bd3 d5 6. Nge2 dxc4 7. Bxc4 e5 8. a3
Bd6 9. O-O Nc6 10. d5 Ne7 11. e4 h6 12. b4 Bd7 13. b5 Ng6 14. Ng3 Nf4 15. Re1
Ng4 16. h3 Nf6 17. Bf1 Nh7 18. Nf5 Qc8 19. Qc2 Re8 20. g3 Ng5 21. Re3 Nfxh3+
22. Kh2 Bc5 23. Bxh3 Bxe3 24. Bxe3 Nxh3 25. Kxh3 g6 26. g4 gxf5 27. exf5 f6 28.
Ne4 Kf7 29. d6 c6 30. Qb3+ Kg7 31. Bxh6+ Kxh6 32. Qf7 Bxf5 33. Qxf6+ Bg6 34.
Kg3 1-0

[Event "WchT (Women) 3rd"]
[Site "Mardin"]
[Date "2011.12.25"]
[Round "7"]
[White "Dzagnidze, Nana"]
[Black "Hou, Yifan"]
[Result "1/2-1/2"]
[WhiteElo "2516"]
[BlackElo "2578"]
[PlyCount "87"]
[EventDate "2011.12.18"]
[EventType "team-tourn"]
[EventRounds "9"]
[EventCountry "TUR"]
[SourceTitle "CBM 145 Extra"]
[Source "ChessBase"]
[SourceDate "2012.01.03"]
[SourceVersion "1"]
[SourceVersionDate "2012.01.03"]
[SourceQuality "1"]
[WhiteTeam "Georgia (W)"]
[BlackTeam "China (W)"]
[WhiteTeamCountry "GEO"]
[BlackTeamCountry "CHN"]

1. d4 e6 2. c4 Nf6 3. Nc3 Bb4 4. e3 O-O 5. Nge2 d5 6. a3 Be7 7. cxd5 exd5 8. g3
c6 9. Bg2 Na6 10. O-O Nc7 11. Qc2 Re8 12. Bd2 Bf8 13. b4 a6 14. f3 Nb5 15. Qd3
Be6 16. Nf4 Qd7 17. Nxe6 Qxe6 18. Na4 Rad8 19. Nc5 Qc8 20. a4 Nd6 21. Rae1 b6
22. Nxa6 Nc4 23. b5 cxb5 24. axb5 Qd7 25. Rf2 Rc8 26. Qb3 g6 27. Bf1 Bh6 28.
Kg2 Re6 29. Bc1 Qe8 30. Rfe2 Nd6 31. Rc2 Rxc2+ 32. Qxc2 Nf5 33. Nc7 Qc8 34. Bd3
Re7 35. Qc6 Rxc7 36. Qxf6 Bg7 37. Qxb6 Rxc1 38. Bxf5 gxf5 39. Rxc1 Qxc1 40.
Qd8+ Bf8 41. Qg5+ Bg7 42. Qd8+ Bf8 43. Qg5+ Bg7 44. Qd8+ 1/2-1/2

[Event "CHN-chT"]
[Site "Beijing"]
[Date "2012.04.30"]
[Round "3.5"]
[White "Zeng, Chongsheng"]
[Black "Hou, Yifan"]
[Result "1/2-1/2"]
[WhiteElo "2435"]
[BlackElo "2639"]
[PlyCount "60"]
[EventDate "2012.04.28"]
[EventType "team-tourn"]
[EventRounds "22"]
[EventCountry "CHN"]
[SourceTitle "EXT 2014"]
[Source "ChessBase"]
[SourceDate "2013.11.20"]
[SourceVersion "1"]
[SourceVersionDate "2013.11.20"]
[SourceQuality "1"]
[WhiteTeam "Guangdong"]
[BlackTeam "Jiangsu"]
[WhiteTeamCountry "CHN"]
[BlackTeamCountry "CHN"]

1. e4 c5 2. Nf3 e6 3. g3 Nc6 4. Bg2 Nf6 5. Qe2 d5 6. exd5 Nxd5 7. O-O g6 8. c3
Bg7 9. Na3 O-O 10. Nc4 b6 11. a4 Qc7 12. d3 Bb7 13. h4 h5 14. Ng5 Rfe8 15. Ne4
Rad8 16. a5 e5 17. axb6 axb6 18. Qc2 Nce7 19. Qb3 Bc6 20. Ra6 Ra8 21. Rxa8 Rxa8
22. Ncd6 Nc8 23. Ne8 Bxe8 24. Qxd5 Ra7 25. Bg5 Bc6 26. Nf6+ Bxf6 27. Qxc6 Qxc6
28. Bxc6 Bxg5 29. hxg5 Kg7 30. Rb1 f6 1/2-1/2

[Event "CHN-chT"]
[Site "Beijing"]
[Date "2012.06.28"]
[Round "6.5"]
[White "Nguyen, Ngoc Truong Son"]
[Black "Hou, Yifan"]
[Result "1/2-1/2"]
[WhiteElo "2656"]
[BlackElo "2639"]
[PlyCount "61"]
[EventDate "2012.04.28"]
[EventType "team-tourn"]
[EventRounds "22"]
[EventCountry "CHN"]
[SourceTitle "EXT 2014"]
[Source "ChessBase"]
[SourceDate "2013.11.20"]
[SourceVersion "1"]
[SourceVersionDate "2013.11.20"]
[SourceQuality "1"]
[WhiteTeam "Qingdao"]
[BlackTeam "Jiangsu"]
[WhiteTeamCountry "CHN"]
[BlackTeamCountry "CHN"]

1. d4 Nf6 2. c4 e6 3. Nc3 Bb4 4. Qc2 d5 5. cxd5 exd5 6. Bg5 c5 7. dxc5 h6 8.
Bh4 g5 9. Bg3 Ne4 10. e3 Qa5 11. Rc1 Qxa2 12. Bb5+ Bd7 13. Bxd7+ Nxd7 14. Nge2
Nxc3 15. Nxc3 Qc4 16. Bd6 Nxc5 17. Bxc5 Qxc5 18. O-O Bxc3 19. Qf5 O-O 20. Rxc3
Qd6 21. Rd1 Rad8 22. Rcd3 Qe6 23. g4 Rfe8 24. Rxd5 Qxf5 25. gxf5 Rxd5 26. Rxd5
Re4 27. Rb5 b6 28. Kg2 Kg7 29. Kf3 Rh4 30. Kg3 Re4 31. Kf3 1/2-1/2

[Event "Jermuk FIDE GP (Women)"]
[Site "Jermuk"]
[Date "2012.07.26"]
[Round "9"]
[White "Kovalevskaya, Ekaterina"]
[Black "Hou, Yifan"]
[Result "0-1"]
[WhiteElo "2417"]
[BlackElo "2617"]
[Annotator "CB"]
[PlyCount "168"]
[EventDate "2012.07.16"]
[EventType "tourn"]
[EventRounds "11"]
[EventCountry "ARM"]
[EventCategory "11"]
[SourceTitle "CBM 150"]
[Source "ChessBase"]
[SourceDate "2012.09.14"]
[SourceVersion "1"]
[SourceVersionDate "2012.09.14"]
[SourceQuality "1"]

{In this game spectators saw a back and forth affair. Out of the opening the
Chinese player chose an active approach, but White countered accurately and
was able to enter the middle game with a better position. At this point,
however, the roles reversed and it was White who began to lose the thread and
play in an unsure manner.} 1. Nf3 Nf6 2. g3 b6 3. Bg2 Bb7 4. O-O e6 5. c4 c5 6.
Nc3 Be7 7. Re1 d6 8. e4 a6 9. d4 cxd4 10. Nxd4 Qc7 11. b3 O-O 12. Bb2 Nbd7 13.
Qe2 Rfe8 14. Rad1 Bf8 15. h3 Rad8 16. Kh2 Qb8 17. Nc2 g6 18. f4 Bg7 19. Ne3 h5
20. Nf1 Nc5 21. b4 Ncd7 22. Nd2 h4 23. g4 g5 24. e5 dxe5 25. Bxb7 Qxb7 26. fxg5
Nh7 27. Nce4 Ndf8 28. Nf3 Ng6 29. Qe3 (29. c5 bxc5 30. bxc5 Nf4 31. Qc2 {
and White's advantage is indisputable.}) 29... Qc6 30. c5 bxc5 31. bxc5 Rd5 32.
Nd6 Rb8 33. Ba3 Qa4 34. Rxd5 exd5 35. Kh1 e4 36. c6 Qxc6 37. Nd4 Qa4 38. N6f5
Bxd4 39. Nxd4 Nxg5 40. Nf5 Ne6 41. Rf1 Rb7 42. Rc1 Qd7 43. Bd6 Ng7 44. Nh6+ Kh7
45. Bc5 f5 46. Qg5 Ne6 47. Qf6 Nxc5 48. gxf5 Qg7 49. fxg6+ Qxg6 50. Qxg6+ Kxg6
51. Rxc5 Kxh6 52. Rxd5 Rb5 53. Rd4 (53. Rd6+ Kg5 54. Rxa6 {could have been a
bit better.}) 53... Re5 {The world champion needed no further invitation, and
bore down to bring home the full point in the rook-pawn endgame, and in doing
so, took the lead with two rounds to go.} 54. Kg2 Kg5 55. Kf2 Kf4 56. Rd6 a5
57. Rf6+ Rf5 58. Rg6 Rg5 59. Rf6+ Ke5 60. Rh6 Kd4 61. Rd6+ Rd5 62. Rb6 Rc5 63.
Rd6+ Ke5 64. Rd8 Rc2+ 65. Ke3 Rc3+ 66. Ke2 Ra3 67. Re8+ Kf4 68. Rf8+ Kg3 69.
Re8 Rxa2+ 70. Ke3 Ra4 71. Rg8+ Kxh3 72. Kf4 Kh2 73. Rc8 Kg2 74. Rc2+ Kf1 75.
Rh2 Kg1 76. Rb2 h3 77. Rb1+ Kf2 78. Rb2+ Kf1 79. Rh2 Ra3 80. Kxe4 Kg1 81. Rb2
h2 82. Rb1+ Kg2 83. Rb2+ Kg3 84. Rb1 Ra2 0-1

[Event "Olympiad Women-40"]
[Site "Istanbul"]
[Date "2012.09.09"]
[Round "11.1"]
[White "Stefanova, Antoaneta"]
[Black "Hou, Yifan"]
[Result "1/2-1/2"]
[WhiteElo "2502"]
[BlackElo "2599"]
[PlyCount "62"]
[EventDate "2012.08.28"]
[EventType "team-swiss"]
[EventRounds "11"]
[EventCountry "TUR"]
[SourceTitle "CBM 150 Extra"]
[Source "ChessBase"]
[SourceDate "2012.10.19"]
[SourceVersion "1"]
[SourceVersionDate "2012.10.19"]
[SourceQuality "1"]
[WhiteTeam "Bulgaria (W)"]
[BlackTeam "China (W)"]
[WhiteTeamCountry "BUL"]
[BlackTeamCountry "CHN"]

1. d4 e6 2. c4 Nf6 3. Nf3 d5 4. Nc3 Bb4 5. Bg5 h6 6. Bxf6 Qxf6 7. cxd5 exd5 8.
Qb3 Qb6 9. e3 c6 10. Bd3 Bd6 11. Qc2 Be6 12. O-O Nd7 13. Rab1 a5 14. a3 O-O 15.
b4 axb4 16. axb4 Ra3 17. Na4 Qc7 18. Nc5 Bg4 19. Bh7+ Kh8 20. Bf5 Bxf3 21. Nxd7
Be4 22. Bxe4 Qxd7 23. Bf5 Qe7 24. b5 c5 25. dxc5 Bxc5 26. Rfd1 Rd8 27. Rd2 Bb4
28. Rd4 Bc5 29. Rd2 Bb4 30. Rd4 Bc5 31. Rd2 Bb4 1/2-1/2

[Event "Beijing Sportaccord blizt (Women)"]
[Site "Beijing"]
[Date "2012.12.16"]
[Round "4"]
[White "Zhao, Xue"]
[Black "Hou, Yifan"]
[Result "1/2-1/2"]
[WhiteElo "2565"]
[BlackElo "2606"]
[PlyCount "168"]
[EventDate "2012.12.16"]
[EventType "tourn (blitz)"]
[EventRounds "15"]
[EventCountry "CHN"]
[EventCategory "11"]
[SourceTitle "EXT 2014"]
[Source "ChessBase"]
[SourceDate "2013.11.20"]
[SourceVersion "1"]
[SourceVersionDate "2013.11.20"]
[SourceQuality "1"]

1. Nf3 c5 2. c4 Nf6 3. g3 b6 4. Bg2 Bb7 5. O-O e6 6. b3 Be7 7. Bb2 O-O 8. d3 d5
9. cxd5 Nxd5 10. Nbd2 Nc6 11. a3 Bf6 12. Qc2 Rc8 13. Ne4 Be7 14. Qd2 h6 15.
Rac1 Na5 16. Qc2 Nc6 17. Qb1 f5 18. Ned2 Bf6 19. Nc4 Nd4 20. e4 Nxf3+ 21. Bxf3
fxe4 22. Bxe4 Qe7 23. Ne5 Qc7 24. Qa1 Ne7 25. b4 Bxe4 26. dxe4 Qb7 27. Qa2 Qxe4
28. Qxe6+ Kh7 29. bxc5 Rxc5 30. Rce1 Qf5 31. Qxf5+ Nxf5 32. Nd7 Bxb2 33. Nxf8+
Kg8 34. Ne6 Rc2 35. Rd1 Bxa3 36. Rd7 a5 37. Rfd1 Ne7 38. Rb7 Kf7 39. Nd8+ Ke8
40. Ne6 Kf7 41. Nd8+ Ke8 42. Rxb6 Bc5 43. Rb8 Bxf2+ 44. Kh1 Nc8 45. Ne6 Kf7 46.
Nf4 Ne7 47. Rf1 Bc5 48. Nd3+ Ke6 49. Nxc5+ Rxc5 50. Rb7 Nf5 51. Re1+ Kf6 52.
Ra7 Nd4 53. Rf1+ Kg6 54. Rd1 Nf5 55. Ra6+ Kh7 56. Ra1 Ne3 57. R6xa5 Rc2 58.
R5a2 Rc4 59. Re2 Nf5 60. Rf1 Nd6 61. Re7 Rd4 62. Rd7 h5 63. Re1 Nf5 64. Rxd4
Nxd4 65. Re5 g6 66. Kg2 Kg7 67. Ra5 Kf6 68. Kf2 Nf5 69. Kf3 Nd4+ 70. Ke4 Nf5
71. Kf4 Nd4 72. Ra6+ Kg7 73. Ke4 Nf5 74. Ke5 Ne3 75. Kf4 Nf1 76. Kg5 Nxh2 77.
Rxg6+ Kf7 78. Kxh5 Nf3 79. Ra6 Ne5 80. Kg5 Nf3+ 81. Kf4 Nd4 82. Ke4 Ne6 83. Ke5
Nc5 84. Kf5 Nxa6 1/2-1/2

[Event "Marseille op 5th"]
[Site "Marseille"]
[Date "2012.12.26"]
[Round "1"]
[White "Houard, Yannick"]
[Black "Jullien, Patrick"]
[Result "1-0"]
[WhiteElo "2246"]
[BlackElo "1643"]
[PlyCount "55"]
[EventDate "2012.12.26"]
[EventType "swiss"]
[EventRounds "9"]
[EventCountry "FRA"]
[SourceTitle "EXT 2014"]
[Source "ChessBase"]
[SourceDate "2013.11.20"]
[SourceVersion "1"]
[SourceVersionDate "2013.11.20"]
[SourceQuality "1"]

1. e4 e5 2. Nf3 Nc6 3. Bb5 a6 4. Bxc6 dxc6 5. O-O Bg4 6. h3 h5 7. d3 Qf6 8.
Nbd2 Ne7 9. Re1 Ng6 10. d4 O-O-O 11. hxg4 hxg4 12. Nh2 Kb8 13. Qxg4 Nf4 14.
Ndf3 Bb4 15. Bxf4 exf4 16. c3 Be7 17. e5 Qh6 18. b4 g6 19. Re4 g5 20. a4 b5 21.
axb5 axb5 22. Re2 Qh5 23. Rea2 Qxg4 24. Nxg4 Kc8 25. e6 f6 26. Ra8+ Kb7 27.
R8a7+ Kb8 28. Nfe5 1-0

[Event "Marseille op 5th"]
[Site "Marseille"]
[Date "2012.12.26"]
[Round "2"]
[White "Axisa, Gerard"]
[Black "Houard, Yannick"]
[Result "0-1"]
[WhiteElo "1868"]
[BlackElo "2246"]
[PlyCount "138"]
[EventDate "2012.12.26"]
[EventType "swiss"]
[EventRounds "9"]
[EventCountry "FRA"]
[SourceTitle "EXT 2014"]
[Source "ChessBase"]
[SourceDate "2013.11.20"]
[SourceVersion "1"]
[SourceVersionDate "2013.11.20"]
[SourceQuality "1"]

1. d4 d5 2. c4 c6 3. cxd5 cxd5 4. Nc3 Nf6 5. e3 Nc6 6. Bb5 e6 7. Nf3 Bd6 8. O-O
O-O 9. a3 Bd7 10. Bd2 Rc8 11. Rc1 a6 12. Bd3 Na5 13. b4 Nc4 14. Bxc4 Rxc4 15.
Ne5 Rc8 16. Nxd7 Qxd7 17. f3 Rc4 18. Na4 Rxc1 19. Bxc1 Qc7 20. g3 Rc8 21. Nc5
b6 22. Nd3 h5 23. Qe2 Qc4 24. Bb2 Qb5 25. Rc1 Rxc1+ 26. Nxc1 Qa4 27. Qd3 a5 28.
bxa5 Qxa5 29. Qc3 Qxc3 30. Bxc3 Bxa3 31. Nd3 Nd7 32. Kf1 Kf8 33. Ke2 Ke7 34. e4
dxe4 35. fxe4 g6 36. e5 Nb8 37. Nf4 Nd7 38. Kd3 Bc1 39. Ne2 Bh6 40. Kc4 f6 41.
Nf4 Kf7 42. Kb5 Bxf4 43. gxf4 g5 44. fxg5 fxg5 45. Kc6 Nf8 46. Kxb6 Ng6 47. Bd2
g4 48. Kc7 Ne7 49. Kd6 h4 50. Be1 g3 51. h3 Nf5+ 52. Kc5 Ne3 53. Bd2 Nc2 54.
Bf4 Ne1 55. Kc4 Nf3 56. d5 g2 57. Be3 g1=Q 58. Bxg1 Nxg1 59. d6 Ke8 60. Kd3
Nxh3 61. Ke3 Ng5 62. Kf4 h3 63. Kg3 Kd7 64. Kh2 Nf7 65. Kxh3 Nxe5 66. Kg3 Kxd6
67. Kf4 Nf7 68. Ke4 e5 69. Ke3 Kd5 0-1

[Event "Marseille op 5th"]
[Site "Marseille"]
[Date "2012.12.27"]
[Round "3"]
[White "Houard, Yannick"]
[Black "Salvador, Roland"]
[Result "1/2-1/2"]
[WhiteElo "2246"]
[BlackElo "2471"]
[PlyCount "87"]
[EventDate "2012.12.26"]
[EventType "swiss"]
[EventRounds "9"]
[EventCountry "FRA"]
[SourceTitle "EXT 2014"]
[Source "ChessBase"]
[SourceDate "2013.11.20"]
[SourceVersion "1"]
[SourceVersionDate "2013.11.20"]
[SourceQuality "1"]

1. e4 c6 2. d4 d5 3. exd5 cxd5 4. c4 Nf6 5. Nc3 e6 6. Nf3 Be7 7. cxd5 exd5 8.
Bb5+ Nc6 9. Ne5 Qb6 10. O-O O-O 11. Bxc6 bxc6 12. Na4 Qb5 13. Bg5 h6 14. Bxf6
Bxf6 15. Re1 Re8 16. f4 Bxe5 17. Rxe5 Bg4 18. Qb3 Qa5 19. h3 Be2 20. Nc3 Ba6
21. Qa4 Qb6 22. b3 Bb5 23. Nxb5 cxb5 24. Qb4 Rxe5 25. fxe5 Rc8 26. Rf1 Rc2 27.
Rf4 Qg6 28. Rf2 Rc1+ 29. Kh2 Qb1 30. Qd2 Rh1+ 31. Kg3 Qg6+ 32. Kf3 h5 33. Qc2
Qe6 34. Kg3 b4 35. Qe2 Qh6 36. Kh4 Qb6 37. Rf4 g6 38. Qf3 Qd8+ 39. Rf6 Kg7 40.
Kg3 Qc7 41. Qxd5 Qc3+ 42. Qf3 h4+ 43. Kxh4 Qxd4+ 44. Rf4 1/2-1/2

[Event "Marseille op 5th"]
[Site "Marseille"]
[Date "2012.12.27"]
[Round "5"]
[White "Houard, Yannick"]
[Black "Riff, Jean Noel"]
[Result "0-1"]
[WhiteElo "2246"]
[BlackElo "2480"]
[PlyCount "128"]
[EventDate "2012.12.26"]
[EventType "swiss"]
[EventRounds "9"]
[EventCountry "FRA"]
[SourceTitle "EXT 2014"]
[Source "ChessBase"]
[SourceDate "2013.11.20"]
[SourceVersion "1"]
[SourceVersionDate "2013.11.20"]
[SourceQuality "1"]

1. e4 c5 2. Nf3 d6 3. d4 Nf6 4. Nc3 cxd4 5. Nxd4 e6 6. Be2 Be7 7. O-O O-O 8. f4
Nc6 9. Be3 e5 10. Nb3 exf4 11. Rxf4 Nd7 12. Rf1 Nde5 13. Qd2 Be6 14. Nd4 Nxd4
15. Qxd4 Bf6 16. Qd2 Ng6 17. Bd4 Be5 18. Rad1 Qc7 19. Bxe5 dxe5 20. Qd6 Qa5 21.
a3 Rfd8 22. Qb4 Qc7 23. Rxd8+ Rxd8 24. Rd1 Rxd1+ 25. Bxd1 Qd7 26. Bf3 Qd2 27.
Ne2 Qxc2 28. Qxb7 Qc5+ 29. Kh1 h6 30. Qb8+ Kh7 31. h3 Bc4 32. Ng1 Bf1 33. Qd8
Qf2 34. Qd7 Qxb2 35. a4 Qf2 36. Qf5 Bc4 37. Be2 Qc5 38. Bh5 Bb3 39. Bxg6+ fxg6
40. Qd7 Bc2 41. Qd5 Qxd5 42. exd5 Bxa4 43. Nf3 e4 44. Ne5 Kg8 45. d6 Kf8 46.
Kg1 Bb5 47. Kf2 a5 48. Ke3 a4 49. Kd4 a3 50. Kc3 e3 51. Kb3 Bf1 52. h4 Bxg2 53.
Nxg6+ Ke8 54. Nf4 Be4 55. Kxa3 Kd7 56. Kb3 Kxd6 57. Kc3 Ke5 58. Ne2 g5 59. hxg5
hxg5 60. Nd4 g4 61. Ne2 Bg6 62. Kb2 Ke4 63. Kc1 Kf3 64. Kd1 Kf2 0-1